[Event "Kalamata OSK op"]
[Site "Kalamata"]
[Date "2007.12.23"]
[Round "4"]
[White "Barbis, Athanasios"]
[Black "Koronios, Dimitris"]
[Result "1-0"]
[WhiteElo "1930"]
[BlackElo "1000"]
[PlyCount "65"]
[EventDate "2007.12.21"]
[EventType "swiss"]
[EventRounds "5"]
[EventCountry "GRE"]
[SourceTitle "EXT 2024"]
[Source "ChessBase"]
[SourceDate "2023.10.10"]
[SourceVersion "1"]
[SourceVersionDate "2023.10.10"]
[SourceQuality "1"]

1. e4 e5 2. f4 exf4 3. Nf3 g5 4. Bc4 Bg7 5. 0-0 h6 6. d4 d6 7. c3 Nf6 8. e5 dxe5 9. Nxe5 0-0 10. Qb3 Qe7 11. Ng6 Qd6 12. Nxf8 Qxf8 13. a4 Nc6 14. a5 Qd6 15. Bxf7+ Kh8 16. Qc4 Bf5 17. b3 Rf8 18. Ba3 Qd8 19. Bxf8 Qxf8 20. a6 Nd8 21. axb7 Nxb7 22. Qxc7 Nd6 23. Bc4 Ng4 24. Nd2 Ne3 25. Rf2 Be4 26. Rxa7 Ndxc4 27. Nxe4 Nd1 28. bxc4 Nxf2 29. Nxf2 h5 30. Nh3 f3 31. gxf3 g4 32. Nf4 Qf6 33. Nxh5 1-0